|
|
|
|
| LEADER |
00000nab a2200000 a 4500 |
| 001 |
vtls000737907 |
| 003 |
SK-MaSNL |
| 005 |
20260302193251.0 |
| 008 |
140923|2000 xo ||||||| || 0 |slo |
| 015 |
|
|
|a SNBRA2000
|
| 040 |
|
|
|a SNKBUCL
|b slo
|c SNKBUCL
|e AACR2
|
| 041 |
0 |
|
|a slo
|
| 044 |
|
|
|a xo
|c SK
|
| 080 |
|
|
|a 82(091):885.4-2
|2 1981
|
| 080 |
|
|
|a 373.58(437.6)(091)"16"
|2 1981
|
| 080 |
|
|
|a 885.4-2(091)"16"
|2 1981
|
| 080 |
|
|
|a 655.1:885.4-2(091)"16"
|2 1981
|
| 100 |
1 |
|
|a Dekanová, Alexandra
|4 aut
|9 19471
|
| 245 |
1 |
0 |
|a Prešovské kolégium v rokoch 1667-1673 a Levoča (vzťahy v oblasti školských hier)
|c Alexandra Dekanová
|
| 504 |
|
|
|a Bibliogr. odkazy
|
| 610 |
1 |
7 |
|a Evanjelické kolégium Potiského dištriktu evanjelickej cirkvi a.v. (Prešov, Slovensko)
|2 snkbucl
|9 121573
|
| 648 |
|
7 |
|a 1667-1673
|2 snkbucl
|9 911696
|
| 648 |
|
7 |
|a 17. stor.
|2 snkbucl
|9 288141
|
| 650 |
0 |
7 |
|a evanjelické kolégiá
|2 snkbucl
|9 828232
|
| 650 |
0 |
7 |
|a školské hry
|2 snkbucl
|9 911697
|
| 651 |
|
7 |
|a Prešov (Slovensko)
|2 snkbucl
|9 17347
|
| 651 |
|
7 |
|a Levoča (Slovensko)
|2 snkbucl
|9 26696
|
| 773 |
0 |
|
|t Kniha '97-'98
|d Martin : Matica slovenská, 2000
|g S. 246-251
|z 8070905697
|
| 850 |
|
|
|a Slovenská národná knižnica v Martine
|
| 852 |
|
|
|a SNK
|b KIS3GCP
|
| 958 |
|
|
|a NB
|
| 999 |
|
|
|c 1443913
|d 1445843
|